000 00299nam a2200133Ia 4500
100 _aBiswas/N.N
942 _cBK
654 _aProgramming
245 _aFortran IV Computer Programming
260 _bEast West Press P. Ltd
_aNew Delhi
_c1985
082 _a1.6
300 _a229
546 _aENGLISH
999 _c18332
_d18332